000 00552nam a2200157 a 4500
001 000028970
005 20200930055241.0
008 110412s1989 dr a 000 0 spa d
040 _aDO-SdBNP
_bspa
_cBNPHU
082 _axxx
110 1 _aRepública Dominicana
_bSecretaría de Estado de Deportes, Educación Física y Recreación
_936997
245 1 0 _aSeminario internacional de boxeo.
260 _aSanto Domingo :
_bSecretaría de Estado de Deportes, Educación Física y Recreación,
_c[19--?].
300 _a32 p. :
_bil. ;
_c19 cm.
049 _aBNPD
999 _c28462
_d28462